| 000 | 01451cam a2200433 4500 | ||
|---|---|---|---|
| 999 |
_c23550 _d23550 |
||
| 001 | vtls011754369 | ||
| 005 | 20230810122352.0 | ||
| 008 | 200316s2018 xo d 000 f slo | ||
| 020 |
_a9788055159232 _q(brožované) |
||
| 035 | _aurn:nbn:sk:snk-am00dgym | ||
| 035 | _aurn:nbn:sk:snk-am3i1wf | ||
| 035 | _a2916A4E3-A3DF-4BA3-8E4A-1D2891CCFDBF | ||
| 040 |
_aPPPK _bslo _dSNK _erda _csk |
||
| 041 | 1 |
_aslo _heng |
|
| 044 |
_axo _cSK |
||
| 072 | 7 |
_a821.111(73)-3 _xAmerická próza _2konspekt |
|
| 072 | 7 |
_a821-93 _xLiteratúra pre deti a mládež (beletria) _2konspekt |
|
| 080 |
_a821.111(73)-3 _22011 |
||
| 080 |
_a82-93-053.6 _22011 |
||
| 100 | 1 |
_aGeiger, A. V. _4aut _93877 |
|
| 240 | 1 | 0 |
_aFollow Me Back _lSlovensky |
| 245 | 1 | 0 |
_aSleduj ma _cA. V. Geigerová ; preložila Klára Kruteková |
| 264 | 1 |
_aBratislava _bIkar, a.s. - YOLI _c2018 |
|
| 300 |
_a302 strán _c20 cm |
||
| 336 |
_atext _btxt _2rdacontent |
||
| 337 |
_abez média _bn _2rdamedia |
||
| 338 |
_azväzok _bnc _2rdacarrier |
||
| 490 | 1 | _aYoli | |
| 500 | _aPreložené z angličtiny | ||
| 655 | 7 |
_aamerické romány _2SNKPH _92 |
|
| 655 | 7 |
_apublikácie pre mládež _2SNKPH _91593 |
|
| 655 | 7 |
_aAmerican fiction _2SNKPHeng _93 |
|
| 655 | 7 |
_aJuvenile literature _2SNKPHeng _91594 |
|
| 700 | 1 |
_aKruteková, Klára _4trl _92406 |
|
| 958 | _aLX | ||
| 958 | _aUP | ||